[Event "Chigorin Memorial 2016"]
[Site "St Petersburg RUS"]
[Date "2016.10.19"]
[Round "5.142"]
[White "Seregina, Maria"]
[Black "Khadzhiev, Valery"]
[Result "0-1"]
[WhiteElo "1797"]
[BlackElo "2170"]
[WhiteFideId "24178853"]
[BlackFideId "34154601"]
[EventDate "2016.10.15"]

1. d4 d5 2. c4 e6 3. Nc3 Nf6 4. cxd5 exd5 5. Bg5 c6 6. Qc2 Be7 7. e3 O-O 8. Bd3
h6 9. Bf4 Nbd7 10. h3 Nb6 11. Nf3 Bd6 12. Bxd6 Qxd6 13. O-O Qe7 14. Ne5 Nfd7 15.
Nxd7 Bxd7 16. Bf5 Bxf5 17. Qxf5 Rad8 18. Rab1 Nc4 19. Rfd1 Rd6 20. Na4 Rg6 21.
b3 Nd6 22. Qd3 Qg5 23. Qf1 Nf5 24. Kh1 Re8 25. b4 Rxe3 26. Rb2 Rg3 27. f4 Qh4
28. Rdd2 Rxh3+ 0-1

[Event "Chigorin Memorial 2016"]
[Site "St Petersburg RUS"]
[Date "2016.10.19"]
[Round "5.143"]
[White "Avalyan, Artur"]
[Black "Atovmian, Artem"]
[Result "1-0"]
[WhiteElo "2138"]
[BlackElo "1823"]
[WhiteFideId "34164550"]
[BlackFideId "44133545"]
[EventDate "2016.10.15"]

1. d4 d5 2. c4 c6 3. e3 Nf6 4. Nf3 Bg4 5. h3 Bh5 6. Nc3 e6 7. Be2 Nbd7 8. Qb3
Qc7 9. O-O Bd6 10. cxd5 exd5 11. Qc2 O-O 12. Bd2 Rfe8 13. Rac1 Rac8 14. Qb3 Qb8
15. Qd1 b5 16. Kh1 Nb6 17. Be1 Qb7 18. Nh4 Bxe2 19. Nxe2 Nc4 20. b3 Nb6 21. Nf5
Bb8 22. Bb4 Qd7 23. Nfg3 h5 24. Nf4 Bxf4 25. exf4 h4 26. Ne2 Qf5 27. Qc2 Qh5 28.
Rce1 g6 29. Nc1 Re4 30. Nd3 Qf5 31. Qc3 Rxe1 32. Rxe1 Ne4 33. Qb2 Ng3+ 34. fxg3
Qxd3 35. gxh4 Qg3 36. Qd2 Qxh4 37. Qe3 Qf6 38. Re2 Ra8 39. g4 a5 40. Be7 Qh8 41.
Bd6 Qh4 42. g5 Nd7 43. Kg2 Nf8 44. Bxf8 Rxf8 45. Rc2 Rc8 46. Qe5 Qh5 47. Rc1 Qh4
48. a3 Qh5 49. Kg3 Qh8 50. Qxh8+ Kxh8 51. Kg4 Kg7 52. Rc5 f5+ 53. gxf6+ Kxf6 54.
a4 bxa4 55. bxa4 Rb8 56. Rxc6+ Kf7 57. Kg5 Rb3 58. Rc7+ Ke6 59. Rc6+ Kf7 60.
Rf6+ Ke7 61. Rxg6 Rxh3 62. Ra6 Rd3 63. Rxa5 Rxd4 64. f5 Rd1 65. Ra7+ Kf8 66. Kf6
Kg8 67. a5 d4 68. Ra8+ Kh7 69. a6 d3 70. a7 d2 71. Rh8+ Kxh8 72. a8=Q+ Kh7 73.
Qb7+ Kh6 74. Qg7+ Kh5 75. Qg5# 1-0

[Event "Chigorin Memorial 2016"]
[Site "St Petersburg RUS"]
[Date "2016.10.19"]
[Round "5.144"]
[White "Tersinsev, Andrey"]
[Black "Mushak, Alexander"]
[Result "1-0"]
[WhiteElo "2107"]
[BlackElo "1818"]
[WhiteFideId "24194662"]
[BlackFideId "24134082"]
[EventDate "2016.10.15"]

1. d4 g6 2. c4 Bg7 3. Nc3 d6 4. e4 Nc6 5. Be3 e5 6. d5 Nce7 7. Qd2 f5 8. f3 Nf6
9. b4 fxe4 10. fxe4 Ng4 11. Bg5 h6 12. Bh4 g5 13. Bg3 Ng6 14. h3 Nf6 15. Bf2 g4
16. Nge2 Nh5 17. g3 Qf6 18. h4 Qf3 19. Rg1 O-O 20. Be3 Kh7 21. Bg2 Qf7 22. O-O-O
Bd7 23. Kb2 Qe7 24. Ka1 a6 25. Qe1 Rfc8 26. Rb1 Nh8 27. Nc1 Nf7 28. Nd3 b6 29.
c5 bxc5 30. bxc5 dxc5 31. Bxc5 Nd6 32. Bf1 Rcb8 33. Be2 Qe8 34. Qf2 Qg6 35. Qg2
Nc4 36. Rxb8 Rxb8 37. Nb4 a5 38. Nc6 Bxc6 39. Bxc4 Bd7 40. Rf1 Nf6 41. Qe2 c6
42. d6 Ne8 43. Bf7 Qf6 44. Rxf6 Nxf6 45. Qa6 Rf8 46. Bc4 Nh5 47. Qa7 Rf1+ 48.
Bxf1 1-0

[Event "Chigorin Memorial 2016"]
[Site "St Petersburg RUS"]
[Date "2016.10.19"]
[Round "5.145"]
[White "Selivanov, Ivan"]
[Black "Maksimovich, Sergey"]
[Result "1-0"]
[WhiteElo "2094"]
[BlackElo "1797"]
[WhiteFideId "24199060"]
[BlackFideId "34107107"]
[EventDate "2016.10.15"]

1. e4 c5 2. Nf3 d6 3. d4 cxd4 4. Nxd4 Nf6 5. Nc3 a6 6. Bg5 e6 7. Qe2 Be7 8. f4
Nc6 9. O-O-O h6 10. Bh4 Nxd4 11. Rxd4 Nd7 12. Bxe7 Qxe7 13. Qd2 O-O 14. Rxd6 Nb8
15. e5 Bd7 16. Bd3 Bb5 17. Rd1 Bxd3 18. Qxd3 Nc6 19. a3 Rad8 20. g3 Qc7 21. Ne4
Qb6 22. h4 Rc8 23. g4 Rc7 24. g5 h5 25. Nf6+ gxf6 26. gxf6 Qf2 27. Rf1 Nxe5 28.
fxe5 Rxc2+ 29. Qxc2 Qxf1+ 30. Rd1 Qf4+ 31. Kb1 Kh8 32. Qc5 Rg8 33. Rd7 b6 34.
Qxb6 Qxe5 35. Rxf7 Rb8 36. Qf2 Qe4+ 37. Qc2 Rxb2+ 38. Kxb2 Qd4+ 39. Qc3 Qb6+ 40.
Kc2 Qf2+ 41. Kb3 Qb6+ 42. Qb4 1-0

[Event "Chigorin Memorial 2016"]
[Site "St Petersburg RUS"]
[Date "2016.10.19"]
[Round "5.146"]
[White "Bimiev, Ahmad"]
[Black "Levi, Netanel"]
[Result "1-0"]
[WhiteElo "2076"]
[BlackElo "1789"]
[WhiteFideId "24102938"]
[BlackFideId "2815400"]
[EventDate "2016.10.15"]

1. c4 e6 2. Nc3 d5 3. e3 Nf6 4. Nf3 c5 5. d4 Nc6 6. Be2 dxc4 7. Bxc4 cxd4 8.
exd4 Be7 9. O-O O-O 10. Bf4 a6 11. Re1 b5 12. Bb3 Bb7 13. d5 exd5 14. Nxd5 Nxd5
15. Bxd5 Bf6 16. Rc1 Qd7 17. Be4 Qxd1 18. Rexd1 Nd8 19. Bxb7 Nxb7 20. Rc7 Rfd8
21. Rxd8+ Rxd8 22. g3 Nd6 23. Rc6 Ne4 24. b3 a5 25. Ra6 a4 26. bxa4 Nc5 27. Ra5
Nxa4 28. Rxb5 Nc3 29. Ra5 Ne2+ 30. Kg2 Nxf4+ 31. gxf4 Kf8 32. Ra7 Rb8 33. a4 Rb2
34. a5 Bd8 35. Ne5 h6 36. Ra8 Ke8 37. Nc6 Rd2 38. a6 Rd6 39. Rxd8+ Rxd8 40. Nxd8
Kxd8 41. a7 1-0

[Event "Chigorin Memorial 2016"]
[Site "St Petersburg RUS"]
[Date "2016.10.19"]
[Round "5.147"]
[White "Kvachko, Anastasiya"]
[Black "Gorbatenko, Alexander"]
[Result "0-1"]
[WhiteElo "1780"]
[BlackElo "2067"]
[WhiteFideId "34127663"]
[BlackFideId "4145976"]
[EventDate "2016.10.15"]

1. e4 c5 2. c3 d5 3. exd5 Qxd5 4. d4 Nc6 5. Nf3 Bg4 6. Be2 cxd4 7. cxd4 e6 8.
O-O Nf6 9. Nc3 Qa5 10. h3 Bh5 11. a3 Be7 12. Be3 O-O 13. b4 Qd8 14. g4 Bg6 15.
b5 Na5 16. Qa4 b6 17. Ne5 Nd5 18. Rac1 Nxe3 19. fxe3 Qd6 20. Kg2 Rac8 21. Nxg6
hxg6 22. Qb4 Qxb4 23. axb4 Bxb4 24. Ne4 f6 25. Bd3 Be7 26. Bb1 f5 27. Ng3 Nc4
28. Ba2 Nxe3+ 29. Kf3 Nd5 30. gxf5 Rxc1 31. Rxc1 gxf5 32. Rc6 Nb4 33. Bxe6+ Kh8
34. Rc7 Bd6 35. Rxa7 Nc2 36. Ne2 Rf6 37. d5 Ne1+ 38. Kf2 Nd3+ 39. Kf1 Nc5 40.
Nd4 f4 41. Ra8+ Kh7 42. Rd8 Be5 43. Bg8+ Kh6 44. Ne6 Ne4 45. Rd7 f3 46. Rxg7
Nd2+ 47. Ke1 f2+ 48. Kxd2 f1=Q 49. Rh7+ Kg6 50. Rg7+ Kh5 51. Rh7+ Rh6 52. Bf7+
Kh4 53. Rxh6+ Kg3 54. Rg6+ Kf2 55. Rg5 Qe2+ 56. Kc1 Qb2+ 57. Kd1 Bc3 58. Rf5+
Ke3 59. Rf3+ Kxf3 0-1

[Event "Chigorin Memorial 2016"]
[Site "St Petersburg RUS"]
[Date "2016.10.19"]
[Round "5.148"]
[White "Stepanov, Ivan"]
[Black "Zemnitskiy, Alexander"]
[Result "1/2-1/2"]
[WhiteElo "1760"]
[BlackElo "2044"]
[WhiteFideId "44163541"]
[BlackFideId "34164500"]
[EventDate "2016.10.15"]

1. Nf3 d5 2. g3 h5 3. h4 Nc6 4. d4 Bg4 5. Bg2 e6 6. Nc3 a6 7. Bf4 Nf6 8. O-O Bd6
9. Qd2 Ne4 10. Nxe4 dxe4 11. Ng5 Qd7 12. Bxd6 Qxd6 13. c3 Bf5 14. Nxe4 Bxe4 15.
Bxe4 O-O-O 16. Bxc6 Qxc6 17. Qg5 Qd6 18. Qxg7 Rhg8 19. Qe5 Qxe5 20. dxe5 Rd2 21.
Rab1 Rgd8 22. e3 R8d5 23. c4 Rxe5 24. Rfd1 Rc2 25. Rdc1 Rd2 26. Rd1 Rc2 27. Rdc1
Rd2 28. Rd1 Rc2 1/2-1/2

[Event "Chigorin Memorial 2016"]
[Site "St Petersburg RUS"]
[Date "2016.10.19"]
[Round "5.149"]
[White "Pavlova, Natalia"]
[Black "Valov, Vasilii"]
[Result "1-0"]
[WhiteElo "1990"]
[BlackElo "1779"]
[WhiteFideId "24135615"]
[BlackFideId "44147856"]
[EventDate "2016.10.15"]

1. Nf3 f5 2. g3 Nc6 3. d4 d5 4. Bg2 Nf6 5. O-O e6 6. Nbd2 Bd6 7. c4 O-O 8. Rb1
b6 9. Qa4 Bd7 10. Qb3 Qe8 11. Re1 Nb4 12. a3 Ba4 13. Qc3 Nc2 14. Rf1 Ne4 15. Qd3
a6 16. b3 Nxa3 17. Bxa3 Bxa3 18. bxa4 Bd6 19. Qb3 Qc6 20. cxd5 exd5 21. Nxe4
fxe4 22. Ne5 Bxe5 23. dxe5 Kh8 24. f3 Qc5+ 25. Kh1 exf3 26. exf3 Rad8 27. f4 d4
28. Rbc1 Qe7 29. Qd3 Qb4 30. Rc4 1-0

[Event "Chigorin Memorial 2016"]
[Site "St Petersburg RUS"]
[Date "2016.10.19"]
[Round "5.150"]
[White "Pankova, Julia"]
[Black "Gordon, Evgeny"]
[Result "0-1"]
[WhiteElo "1745"]
[BlackElo "1988"]
[WhiteFideId "34103276"]
[BlackFideId "2807289"]
[EventDate "2016.10.15"]

1. e4 d6 2. d4 Nf6 3. Nc3 e5 4. Nf3 Nbd7 5. Bc4 Be7 6. O-O O-O 7. Re1 c6 8. a4
a5 9. h3 Nb6 10. Ba2 Nfd7 11. Be3 exd4 12. Bxd4 Qc7 13. Qd2 Ne5 14. Nxe5 dxe5
15. Be3 Bb4 16. Bb3 Nd7 17. Qe2 Nc5 18. Bxc5 Bxc5 19. Nd1 Qe7 20. Ne3 Qg5 21.
Qf3 g6 22. Kh2 Kg7 23. Qg3 Qf4 24. Qxf4 exf4 25. Nd1 Be6 26. Bxe6 fxe6 27. f3
Rad8 28. Re2 Rd7 29. Nc3 e5 30. Na2 Rfd8 31. Nc1 Rd1 32. Nb3 Rxa1 33. Nxa1 Rd1
34. Nb3 Bg1+ 35. Kh1 Bf2+ 0-1

[Event "Chigorin Memorial 2016"]
[Site "St Petersburg RUS"]
[Date "2016.10.19"]
[Round "5.151"]
[White "Lingur, Zalina"]
[Black "Titievskaya, Elizaveta"]
[Result "1-0"]
[WhiteTitle "WFM"]
[WhiteElo "1986"]
[BlackElo "1774"]
[WhiteFideId "34165670"]
[BlackFideId "34127469"]
[EventDate "2016.10.15"]

1. d4 Nf6 2. c4 e6 3. Nc3 d5 4. cxd5 exd5 5. Bg5 Nbd7 6. e3 c6 7. Bd3 Be7 8. Nf3
O-O 9. O-O Re8 10. Qb1 Nf8 11. Bxf6 Bxf6 12. b4 a6 13. a4 Be6 14. Rc1 Qd6 15.
Ra2 Rac8 16. h3 h6 17. Ne2 Bd7 18. Nf4 Ne6 19. Nh5 Ng5 20. Nxf6+ Qxf6 21. Ne5
Rcd8 22. b5 axb5 23. axb5 g6 24. Ra7 Nxh3+ 25. gxh3 Bxh3 26. f4 Qh4 27. Qc2 Qg3+
28. Kh1 Qxe3 29. Rg1 Rxe5 30. fxe5 g5 31. bxc6 bxc6 32. Bh7+ Kh8 33. Qd3 1-0

[Event "Chigorin Memorial 2016"]
[Site "St Petersburg RUS"]
[Date "2016.10.19"]
[Round "5.152"]
[White "Stepanov, Andrey"]
[Black "Zolotyh, Lev"]
[Result "1/2-1/2"]
[WhiteElo "1976"]
[BlackElo "1767"]
[WhiteFideId "24198730"]
[BlackFideId "34133353"]
[EventDate "2016.10.15"]

1. e4 e5 2. Nf3 Nc6 3. Bb5 a6 4. Ba4 d6 5. d4 Bd7 6. Nc3 Nf6 7. O-O exd4 8. Nxd4
Nxd4 9. Bxd7+ Qxd7 10. Qxd4 Be7 11. f3 O-O 12. Be3 Rad8 13. Rad1 c6 14. Qb6 Qc8
15. a4 d5 16. exd5 Nxd5 17. Nxd5 Rxd5 18. Rxd5 cxd5 19. c3 Qc6 20. Bf2 Qxb6 21.
Bxb6 Rc8 22. Bd4 Bc5 23. Rd1 Kf8 24. Kf2 Ke7 25. Ke3 Kd6 26. Bxc5+ Kxc5 27. Kd3
Re8 28. b3 Re6 29. g3 Rf6 30. f4 Re6 31. Rf1 Rh6 32. Rf2 Re6 33. f5 Re5 34. Rf4
h5 35. Kd2 b6 36. h3 f6 37. g4 hxg4 38. hxg4 b5 39. a5 Kd6 40. Rf1 Re4 41. Rg1
Ke5 42. Kd3 Kf4 43. b4 Kg5 44. Rh1 Rc4 45. Rh7 Rc7 46. Kd4 Kxg4 47. Kxd5 Kxf5
48. Kd6 Rxc3 49. Rxg7 Rc4 50. Ra7 Rxb4 51. Rxa6 Ra4 52. Kc5 Ke5 53. Kxb5 Ra2 54.
Ra8 f5 55. a6 f4 56. a7 f3 57. Re8+ Kd4 58. a8=Q Rxa8 59. Rxa8 f2 60. Rf8 Ke3
61. Kc4 1/2-1/2

[Event "Chigorin Memorial 2016"]
[Site "St Petersburg RUS"]
[Date "2016.10.19"]
[Round "5.153"]
[White "Shkuratov, Vladimir"]
[Black "Nazarova, Anastasia"]
[Result "0-1"]
[BlackTitle "WCM"]
[WhiteElo "1681"]
[BlackElo "1963"]
[WhiteFideId "44158190"]
[BlackFideId "34101737"]
[EventDate "2016.10.15"]

1. e4 c5 2. Nf3 Nc6 3. d4 cxd4 4. Nxd4 g6 5. Nc3 Bg7 6. Be3 Nf6 7. Bc4 O-O 8. f3
d6 9. Qd2 Bd7 10. O-O-O a6 11. g4 Nxd4 12. Bxd4 b5 13. Bd5 b4 14. Ne2 Nxd5 15.
Bxg7 Kxg7 16. Qxd5 Kg8 17. h4 Rc8 18. g5 Be6 19. Qd2 Qa5 20. a3 Qa4 21. Rdg1
bxa3 22. bxa3 Rc4 23. c3 Rb8 24. Qc2 Qxa3+ 25. Kd1 Rb2 26. Qd3 Rc8 27. Rg2 Bc4
28. Qe3 Bxe2+ 29. Rxe2 Rb1+ 30. Kd2 Qb2+ 31. Kd3 Qxc3# 0-1

[Event "Chigorin Memorial 2016"]
[Site "St Petersburg RUS"]
[Date "2016.10.19"]
[Round "5.154"]
[White "Grishaev, Igor"]
[Black "Glazov, Anatoly"]
[Result "1-0"]
[WhiteElo "1956"]
[BlackElo "1763"]
[WhiteFideId "4197925"]
[BlackFideId "4192281"]
[EventDate "2016.10.15"]

1. d4 d5 2. c4 e6 3. Nc3 Nf6 4. Nf3 Bb4 5. e3 Ne4 6. Qc2 c5 7. dxc5 Qa5 8. Bd2
Nxd2 9. Nxd2 Qxc5 10. cxd5 Bxc3 11. bxc3 exd5 12. Bd3 g6 13. O-O O-O 14. Rab1
Nc6 15. Rb5 Qd6 16. Rd1 b6 17. e4 dxe4 18. Nxe4 Qe7 19. Rd5 Bb7 20. Rd7 Qe5 21.
Rxb7 Rfd8 22. Qb3 Qf4 23. g3 Qf3 24. Ng5 Qd5 25. Nxf7 Na5 26. Nh6+ Kh8 27. Qxd5
Rxd5 28. Re7 Rc8 29. Ng4 Rd6 30. Be2 Rcd8 31. Rxd6 Rxd6 32. Ne5 Rd2 33. Bf3 Rxa2
34. Nd7 Ra1+ 35. Kg2 1-0

[Event "Chigorin Memorial 2016"]
[Site "St Petersburg RUS"]
[Date "2016.10.19"]
[Round "5.155"]
[White "Pavlov, Mikhail"]
[Black "Efremov, Vladislav"]
[Result "1/2-1/2"]
[WhiteElo "1645"]
[BlackElo "1933"]
[WhiteFideId "44126573"]
[BlackFideId "44159935"]
[EventDate "2016.10.15"]

1. e4 c5 2. Nf3 e6 3. d4 cxd4 4. Nxd4 Qb6 5. Nc3 Bc5 6. Na4 Qa5+ 7. c3 Bxd4 8.
Qxd4 Nf6 9. Nc5 Nc6 10. Qe3 O-O 11. Nb3 Qc7 12. Be2 b6 13. O-O Bb7 14. f4 e5 15.
f5 Ne7 16. Bf3 Rfe8 17. g4 d5 18. h4 dxe4 19. Be2 Ned5 20. Qg3 Nd7 21. g5 Nc5
22. h5 Nxb3 23. axb3 Qc5+ 24. Kh2 Qc7 25. g6 fxg6 26. hxg6 hxg6 27. Qxg6 Nf4 28.
Bxf4 exf4 29. Bc4+ Kf8 30. f6 f3+ 31. Kh1 e3 32. fxg7+ Qxg7 33. Qf5+ Ke7 34.
Qe6+ Kf8 35. Qf5+ Ke7 36. Qe6+ Kf8 37. Qf5+ Ke7 38. Qe6+ Kf8 39. Qf5+ Ke7 40.
Qe6+ Kf8 41. Qf5+ 1/2-1/2

[Event "Chigorin Memorial 2016"]
[Site "St Petersburg RUS"]
[Date "2016.10.19"]
[Round "5.156"]
[White "Smorodkin, Kirill"]
[Black "Mirzaeva, Gulnara"]
[Result "0-1"]
[WhiteElo "1627"]
[BlackElo "1919"]
[WhiteFideId "44176678"]
[BlackFideId "24178780"]
[EventDate "2016.10.15"]

1. e4 Nc6 2. Nf3 d6 3. d4 Nf6 4. Nc3 Bg4 5. Be2 e6 6. O-O Be7 7. h3 Bh5 8. Be3
O-O 9. Qd2 a6 10. a4 Nb4 11. Rad1 Bg6 12. Rc1 Qb8 13. Rfd1 Rd8 14. Bd3 c5 15.
Qe2 Bh5 16. e5 dxe5 17. dxe5 Nxd3 18. cxd3 Bxf3 19. Qxf3 Qxe5 20. Bf4 Qd4 21.
Qxb7 Bf8 22. Be3 Qe5 23. d4 cxd4 24. Bxd4 Qb8 25. Qf3 Be7 26. Qc6 Rc8 27. Qf3 e5
28. Be3 Qxb2 29. a5 Qb4 30. Bd2 Qxa5 31. Qb7 Qc7 32. Qf3 Qc6 33. Qxc6 Rxc6 34.
Nd5 Rxc1 35. Nxe7+ Kf8 36. Bxc1 Kxe7 37. Ba3+ Ke6 38. g4 Nd5 39. Rc1 Nf4 40. Rd1
Ne2+ 41. Kf1 Nd4 42. Bb2 Kd5 43. f4 f6 44. Kf2 Rb8 45. Ba1 Rb3 46. Kg2 a5 47. h4
a4 48. g5 a3 49. Rd2 Rb1 50. Bc3 Kc4 51. Ba5 Rb2 0-1

[Event "Chigorin Memorial 2016"]
[Site "St Petersburg RUS"]
[Date "2016.10.19"]
[Round "5.157"]
[White "Bondarenko, Dmitry"]
[Black "Sokolov, Ilia"]
[Result "1-0"]
[WhiteElo "1918"]
[BlackElo "1762"]
[WhiteFideId "34105708"]
[BlackFideId "34107468"]
[EventDate "2016.10.15"]

1. d4 Nf6 2. Bg5 e6 3. e3 Be7 4. c3 c5 5. Nd2 Nc6 6. dxc5 Bxc5 7. Ne4 Be7 8.
Bxf6 gxf6 9. Nd6+ Bxd6 10. Qxd6 Qe7 11. Qg3 f5 12. Nf3 b6 13. Bb5 Qc5 14. Bxc6
Qxc6 15. Qg7 Rf8 16. O-O-O Qa4 17. Rd4 Qxa2 18. Rhd1 d5 19. Ng5 f6 20. Nxh7 Rf7
21. Nxf6+ Ke7 22. Ng8+ Ke8 23. Qg6 Bd7 24. Nf6+ Kd8 25. Nxd7 Rxd7 26. Qg8+ Kc7
27. Qxa8 1-0

[Event "Chigorin Memorial 2016"]
[Site "St Petersburg RUS"]
[Date "2016.10.19"]
[Round "5.158"]
[White "Tarnopolskiy, Lev"]
[Black "Khochinsky, Andrey"]
[Result "1-0"]
[WhiteElo "1913"]
[BlackElo "1745"]
[WhiteFideId "34147893"]
[BlackFideId "54138019"]
[EventDate "2016.10.15"]

1. e4 c5 2. Nf3 d6 3. d4 cxd4 4. Nxd4 Nf6 5. Nc3 g6 6. Be3 Bg7 7. f3 O-O 8. Qd2
Nc6 9. g4 Bd7 10. O-O-O a6 11. h4 b5 12. h5 b4 13. Nd5 Nxd5 14. exd5 Nxd4 15.
Bxd4 Bxd4 16. Qxd4 a5 17. Bd3 e5 18. dxe6 Bxe6 19. hxg6 fxg6 20. Rde1 Bxa2 21.
b3 Bxb3 22. cxb3 Rc8+ 23. Kb1 Qf6 24. Bc4+ Kh8 25. Qa7 h5 26. Qe3 Qf4 27. gxh5
Qxe3 28. hxg6+ Kg7 29. Rxe3 Kxg6 30. Rg1+ Kf5 31. Rge1 Rc5 32. Rd3 Rf6 33. Rd4
Re5 34. Red1 Re3 35. Rd5+ Kf4 36. Rxd6 Rf8 37. R6d4+ Kg3 38. Bd5 Rh8 39. Rg4+
Kf2 40. f4 Reh3 41. Rg2+ Ke3 42. f5 Rf8 43. Bc4 Rh4 44. Re2+ Kf4 45. Rd4+ Kg5
46. Rg2+ Kh5 47. Be2+ 1-0

[Event "Chigorin Memorial 2016"]
[Site "St Petersburg RUS"]
[Date "2016.10.19"]
[Round "5.159"]
[White "Kozyakov, Andrey"]
[Black "Budnikova, Varvara"]
[Result "0-1"]
[WhiteElo "1620"]
[BlackElo "1906"]
[WhiteFideId "44192800"]
[BlackFideId "34111538"]
[EventDate "2016.10.15"]

1. e4 c5 2. Nf3 Nc6 3. d4 cxd4 4. Nxd4 g6 5. Nc3 Bg7 6. Be3 Nf6 7. Nxc6 bxc6 8.
e5 Ng8 9. f4 Nh6 10. Bd3 O-O 11. Qf3 f6 12. e6 d5 13. f5 Nxf5 14. Bxf5 gxf5 15.
Qxf5 Qd6 16. O-O-O Bxe6 17. Qf2 Qd7 18. Ne4 Bf7 19. Nc5 Qc7 20. h4 Qa5 21. a3
Rfb8 22. Bd2 Qb5 23. b4 Qc4 24. Qf3 Qa2 25. Qb3 Qa1+ 26. Qb1 Qxa3+ 27. Qb2 Qxb2+
28. Kxb2 a5 29. Rb1 axb4 30. Rh3 Rb5 31. Nb3 c5 32. Be3 d4 33. Bf2 e5 34. Rg3 c4
35. Nxd4 exd4 36. Bxd4 Kf8 37. Rf3 c3+ 38. Kc1 Bh6+ 39. Be3 Bxe3+ 40. Rxe3 Rd8
41. g4 Rbd5 42. Re1 Rd4 43. Ra1 Rxg4 44. Ra6 Kg7 45. Rf1 f5 46. Rb6 Rxh4 47.
Rg1+ Bg6 48. Rb5 Kh6 49. Rb6 Rdd4 50. Kb1 Rhg4 51. Rf1 Kg5 52. Rb8 h5 0-1

[Event "Chigorin Memorial 2016"]
[Site "St Petersburg RUS"]
[Date "2016.10.19"]
[Round "5.160"]
[White "Kundianok, Vladislav"]
[Black "Kievelitz, Bernd"]
[Result "1/2-1/2"]
[WhiteElo "1616"]
[BlackElo "1897"]
[WhiteFideId "44157819"]
[BlackFideId "4602544"]
[EventDate "2016.10.15"]

1. e4 c5 2. Nf3 e6 3. c3 Nf6 4. e5 Nd5 5. d4 cxd4 6. cxd4 b6 7. a3 Bb7 8. Bd3
Be7 9. O-O O-O 10. b4 f5 11. g3 Nc6 12. Bc4 Nb8 13. h4 Qc7 14. Qe2 a6 15. Bb2 b5
16. Bd3 Nc6 17. Nbd2 Rac8 18. Nb3 Qb8 19. Rac1 Nb6 20. Nc5 Bxc5 21. dxc5 Nd5 22.
h5 h6 23. Nh4 Nce7 24. Rc2 Qc7 25. Bc1 Qc6 26. Kh2 Nc7 27. f3 Ncd5 28. g4 fxg4
29. Qe4 g3+ 30. Kxg3 Nf5+ 31. Kh2 Nde3 32. Bxe3 Qxe4 33. fxe4 Nxe3 34. Rxf8+
Rxf8 35. Re2 Ng4+ 36. Kg3 Nxe5 37. Bc2 Bc6 38. Re3 Rf1 39. Nf3 Rxf3+ 40. Rxf3
Nxf3 41. Kxf3 Kf7 42. Kf4 Ke7 43. e5 Bg2 44. Bg6 Bc6 45. Ke3 Kd8 46. Kf4 Ke7 1/2-1/2

[Event "Chigorin Memorial 2016"]
[Site "St Petersburg RUS"]
[Date "2016.10.19"]
[Round "5.161"]
[White "Ismailov, Ulugbek"]
[Black "Yurasova, Daria"]
[Result "1/2-1/2"]
[WhiteElo "1895"]
[BlackElo "1757"]
[WhiteFideId "13803620"]
[BlackFideId "34146919"]
[EventDate "2016.10.15"]

1. d4 Nf6 2. c4 e6 3. Nf3 b6 4. g3 Bb7 5. Bg2 Bb4+ 6. Bd2 Bxd2+ 7. Nbxd2 O-O 8.
O-O d6 9. Qc2 Nbd7 10. e4 e5 11. d5 a5 12. b3 Nc5 13. a3 Bc8 14. b4 Nb7 15. Rac1
Bd7 16. Ne1 axb4 17. axb4 Ra4 18. Nd3 Qa8 19. Nb3 Ra2 20. Qc3 Qc8 21. Ra1 Rxa1
22. Rxa1 Bh3 23. f3 h5 24. Bxh3 Qxh3 25. Ra7 h4 26. Nf2 Qc8 27. Qa1 hxg3 28.
hxg3 Nh5 29. g4 Nf4 30. Qa6 Qd8 31. Rxb7 Qh4 32. Kf1 Qg3 33. Nd2 Qg2+ 34. Ke1
Qg1+ 35. Nf1 Ng2+ 36. Ke2 Nf4+ 37. Ke1 Ng2+ 38. Ke2 Nf4+ 39. Ke1 Ng2+ 40. Ke2
Nf4+ 1/2-1/2

[Event "Chigorin Memorial 2016"]
[Site "St Petersburg RUS"]
[Date "2016.10.19"]
[Round "5.162"]
[White "Kavyev, Ruslan"]
[Black "Pogorelskikh, Sofia"]
[Result "1-0"]
[WhiteElo "1890"]
[BlackElo "1717"]
[WhiteFideId "34110981"]
[BlackFideId "44164548"]
[EventDate "2016.10.15"]

1. e4 c5 2. Nf3 d6 3. d4 cxd4 4. Nxd4 Nf6 5. Nc3 a6 6. Bg5 e6 7. f4 h6 8. Bh4
Qb6 9. a3 Be7 10. Bf2 Qc7 11. Qe2 Nc6 12. O-O-O b5 13. Nxc6 Qxc6 14. g4 Bb7 15.
Bg2 Rc8 16. h4 Qc7 17. g5 Nd7 18. Kb1 Nb6 19. Bxb6 Qxb6 20. f5 b4 21. axb4 Qxb4
22. Rd3 hxg5 23. hxg5 Rxh1+ 24. Bxh1 Bxg5 25. fxe6 Bf6 26. Qh5 g6 27. Qh7 fxe6
28. Qxg6+ Ke7 29. e5 Bxe5 30. Qh7+ Kd8 31. Qxb7 Rb8 32. Qxb4 Rxb4 33. b3 Bxc3
34. Rxc3 a5 35. Rc6 Kd7 36. Ra6 e5 37. Rxa5 e4 38. Ra4 1-0

[Event "Chigorin Memorial 2016"]
[Site "St Petersburg RUS"]
[Date "2016.10.19"]
[Round "5.163"]
[White "Koliadintcev, Igor"]
[Black "Shmyrin, Mikhail"]
[Result "0-1"]
[WhiteElo "1614"]
[BlackElo "1871"]
[WhiteFideId "44120559"]
[BlackFideId "34128104"]
[EventDate "2016.10.15"]

1. e4 c5 2. Nf3 g6 3. d4 cxd4 4. Qxd4 Nf6 5. e5 Nc6 6. Qc4 d5 7. exd6 Qxd6 8.
Bf4 e5 9. Bd2 Be6 10. Qa4 O-O-O 11. Nc3 e4 12. Nxe4 Nxe4 13. Qxe4 Bd5 14. Qd3
Bxf3 15. gxf3 Qe5+ 16. Qe3 Qxb2 17. Bh3+ Kb8 18. Bc3 Bb4 19. Qf4+ Ka8 20. Qxb4
Rhe8+ 21. Kf1 Qxa1+ 22. Bxa1 Nxb4 23. Bf6 Rd1+ 24. Kg2 Rxh1 25. Kxh1 Re2 26. c3
Nd3 27. Bf1 Re1 28. Kg2 Nf4+ 29. Kg1 Ra1 30. h4 Ne6 31. Kg2 Rxa2 32. Bc4 Rd2 33.
Kg3 a6 0-1

[Event "Chigorin Memorial 2016"]
[Site "St Petersburg RUS"]
[Date "2016.10.19"]
[Round "5.164"]
[White "Mukhtarova, Anastasiia"]
[Black "Tsarkov, Mikhail"]
[Result "1-0"]
[WhiteElo "1869"]
[BlackElo "1636"]
[WhiteFideId "14128802"]
[BlackFideId "44147201"]
[EventDate "2016.10.15"]

1. c4 Nf6 2. Nf3 g6 3. b3 Bg7 4. Bb2 d6 5. d4 Ne4 6. Nc3 Nxc3 7. Bxc3 c5 8. e3
Nc6 9. Be2 O-O 10. Rc1 Bg4 11. O-O Qb6 12. d5 Bxc3 13. Rxc3 Qa5 14. Qd2 Bxf3 15.
Bxf3 Ne5 16. Be2 Rfe8 17. f4 Nd7 18. f5 e6 19. fxe6 fxe6 20. Bg4 Nf8 21. e4 e5
22. Qc2 Qd8 23. Qf2 Re7 24. Rf3 Nd7 25. Be6+ 1-0